| 000 | 00669nam a2200205Ia 4500 | ||
|---|---|---|---|
| 003 | GCL | ||
| 008 | 140319s9999 xx 000 0 ara d | ||
| 040 |
_aGCL / _cGCL |
||
| 082 | 0 | 4 |
_a630.57 _bط ت |
| 100 | 1 | _aطلبايق | |
| 245 | 1 | 0 |
_aالتحويلات فى زراعة جمهوريات الشرق السوفيتى / _cطلبايق |
| 700 | 1 | _aمجيد بكتاش | |
| 300 | _a241 ص | ||
| 490 |
_aالهيئة العامة للاستعلامات _v0 |
||
| 650 | 0 | 4 | _aالاتحاد السوفيتى |
| 650 | 0 | 4 | _aالزراعة |
| 650 | 0 | 4 | _aالمحاصيل الزراعية |
| 650 | 0 | 4 | _aالزراعة - الاتحاد السوفيتى |
| 942 |
_2ddc _cBK |
||
| 999 |
_c50984 _d50984 |
||